00646nam a2200205 i 4500003000900000005001700009007000300026008004100029040003000070041000800100082001700108100003000125245004100155264005200196300004300248336002700291337003400318338002800352500006000380DO-SdBNP20251126132628.0ta251126b200? dr a|||| |||| 00| 0 spa d aDO-SdBNPbspacBNPHUerda aspa 4axxxbxxx222 aOliva, Daisyeautor4aut.00aFé, romance y mundo /cDaisy Oliva 1aSanto Domingo :beditor no identificado,c200?. a84 páginas :bilustraciones,c23 cm. atextobtxt2rdacontent asin mediación bn2rdamedia avolumenbnc2rdacarrier aIncluye datos biográficos del autor en la página 83